<?xml version="1.0" encoding="UTF-8"?>
<marc:record xmlns:marc="http://www.loc.gov/MARC21/slim">
   <marc:leader>00000nam a2200000 a 4500</marc:leader>
   <marc:datafield ind1="1" ind2=" " tag="100">
      <marc:subfield code="a">Zang, Tina</marc:subfield>
      <marc:subfield code="4">aut</marc:subfield>
      <marc:subfield code="e">Verfasser/-in</marc:subfield>
   </marc:datafield>
   <marc:datafield ind1=" " ind2=" " tag="653">
      <marc:subfield code="a">ab 8</marc:subfield>
   </marc:datafield>
   <marc:datafield ind1="0" ind2="0" tag="245">
      <marc:subfield code="a">Ein Schuljahr voller Zauberei</marc:subfield>
   </marc:datafield>
   <marc:datafield ind1=" " ind2="1" tag="264">
      <marc:subfield code="b">arsEdition</marc:subfield>
      <marc:subfield code="c">2024</marc:subfield>
   </marc:datafield>
   <marc:datafield ind1="1" ind2=" " tag="490">
      <marc:subfield code="a">Ein Schuljahr voller Zauberei</marc:subfield>
   </marc:datafield>
   <marc:datafield ind1="1" ind2=" " tag="520">
      <marc:subfield code="a">Elena ist sauer: Weil ihre Eltern in das verschnarchte Kuhdorf Eigam gezogen sind, muss sie die Schule wechseln. Dort wird es sicher sterbenslangweilig! Doch als Elena in ihre neue Klasse kommt, bemerkt sie jede Menge merkwürdige Dinge. Hat ihr das Biologie-Skelett etwa gerade zugewinkt? Und wohin ist die Schulkatze Finchen so plötzlich verschwunden?</marc:subfield>
   </marc:datafield>
   <marc:datafield ind1=" " ind2=" " tag="020">
      <marc:subfield code="a">9783845857114</marc:subfield>
      <marc:subfield code="9">9783845857114</marc:subfield>
   </marc:datafield>
</marc:record>
